|
|
|
|
| LEADER |
00876nam a2200229 i 4500 |
| 001 |
acta57786 |
| 005 |
20210908144302.0 |
| 008 |
190424s2011 hu o 0|| hun d |
| 020 |
|
|
|a 978-963-315-038-2
|
| 022 |
|
|
|a 2061-1315
|
| 040 |
|
|
|a SZTE Egyetemi Kiadványok Repozitórium
|b hun
|
| 041 |
|
|
|a hun
|
| 100 |
1 |
|
|a Málovics György
|
| 245 |
1 |
2 |
|a A vállalati fenntarthatóság értelmezéséről
|h [elektronikus dokumentum] /
|c Málovics György
|
| 260 |
|
|
|a JATEPress
|b Szeged
|c 2011
|
| 300 |
|
|
|a 1-233
|c 24 cm
|
| 300 |
|
|
|a IX, 233 p.
|c 24 cm
|
| 490 |
0 |
|
|a Philosophiae doctores
|v 6
|
| 650 |
|
4 |
|a Társadalomtudományok
|
| 650 |
|
4 |
|a Közgazdasági és gazdálkodástudományok
|
| 695 |
|
|
|a Üzemgazdaságtan, Vállalati kultúra, Fenntartható fejlődés, Felelősség - vállalati
|
| 856 |
4 |
0 |
|u http://acta.bibl.u-szeged.hu/57786/1/philosophiae_doctores_006.pdf
|z Dokumentum-elérés
|